[Event "Frankfurt-chA"]
[Site "Frankfurt"]
[Date "2013.06.17"]
[Round "7"]
[White "Hierling, Stefan"]
[Black "Klein, Markus"]
[Result "1/2-1/2"]
[WhiteElo "2048"]
[BlackElo "1718"]
[PlyCount "62"]
[EventDate "2013.04.29"]
[EventType "swiss"]
[EventRounds "7"]
[EventCountry "GER"]
[SourceTitle "EXT 2014"]
[Source "ChessBase"]
[SourceDate "2013.11.20"]
[SourceVersion "1"]
[SourceVersionDate "2013.11.20"]
[SourceQuality "1"]

1. e4 d5 2. exd5 Qxd5 3. Nc3 Qa5 4. d4 Nf6 5. Bb5+ c6 6. Bd3 Bg4 7. f3 Bh5 8. Nge2 Nbd7 9. Bd2 Qb6 10. Na4 Qc7 11. b4 e5 12. c3 Bd6 13. Kf2 Bg6 14. Bxg6 hxg6 15. dxe5 Nxe5 16. Nb2 Rd8 17. Qc1 a6 18. c4 c5 19. a3 Rc8 20. bxc5 Bxc5+ 21. Kf1 0-0 22. Qc3 Rfe8 23. Nf4 Nc6 24. Rc1 Bd4 25. Qc2 Qe7 26. Qb3 Ne5 27. Bb4 Qd7 28. Rd1 Nc6 29. Ne2 Qe6 30. Nxd4 Nxd4 31. Qd3 Nf5 1/2-1/2

[Event "Frankfurt-chA"]
[Site "Frankfurt"]
[Date "2013.06.03"]
[Round "5"]
[White "Guenther, Rainer"]
[Black "Klein, Markus"]
[Result "0-1"]
[WhiteElo "1731"]
[BlackElo "1718"]
[PlyCount "82"]
[EventDate "2013.04.29"]
[EventType "swiss"]
[EventRounds "7"]
[EventCountry "GER"]
[SourceTitle "EXT 2014"]
[Source "ChessBase"]
[SourceDate "2013.11.20"]
[SourceVersion "1"]
[SourceVersionDate "2013.11.20"]
[SourceQuality "1"]

1. e4 c5 2. Nf3 d6 3. d4 cxd4 4. Nxd4 Nf6 5. Nc3 Nc6 6. Be2 g6 7. Be3 Bg7 8. Qd2 0-0 9. f3 Bd7 10. 0-0 a6 11. Nd1 b5 12. c3 Re8 13. Nf2 Ne5 14. b3 Rc8 15. Rac1 Qa5 16. Rc2 Red8 17. h3 Nc6 18. f4 e5 19. Nf3 Nh5 20. Bd3 exf4 21. Bxf4 Nxf4 22. Qxf4 Ne5 23. Rfc1 h6 24. Nd4 Qb6 25. Kh1 Rc7 26. Bf1 Rdc8 27. Qd2 Nc6 28. Nxc6 Rxc6 29. c4 b4 30. Nd3 a5 31. Nf4 Re8 32. Nd5 Qa7 33. Bd3 Be6 34. Rf1 Bxd5 35. exd5 Rc7 36. Qf2 Re3 37. Re1 Rxd3 38. Re8+ Kh7 39. Qe2 Qd4 40. Rc1 Be5 41. Rf1 f5 0-1

[Event "Frankfurt-chA"]
[Site "Frankfurt"]
[Date "2013.05.13"]
[Round "3"]
[White "Achtmann, Armin Ludwig"]
[Black "Klein, Markus"]
[Result "1-0"]
[WhiteElo "1980"]
[BlackElo "1718"]
[PlyCount "69"]
[EventDate "2013.04.29"]
[EventType "swiss"]
[EventRounds "7"]
[EventCountry "GER"]
[SourceTitle "EXT 2014"]
[Source "ChessBase"]
[SourceDate "2013.11.20"]
[SourceVersion "1"]
[SourceVersionDate "2013.11.20"]
[SourceQuality "1"]

1. Nf3 Nf6 2. b3 c5 3. Bb2 Nc6 4. e3 g6 5. Be2 Bg7 6. 0-0 0-0 7. d4 cxd4 8. Nxd4 a6 9. Nd2 d5 10. c4 e6 11. Rc1 Bd7 12. a3 Re8 13. N2f3 Rc8 14. b4 Nxd4 15. Bxd4 dxc4 16. Bxc4 b5 17. Bb3 Bc6 18. Ne5 Bb7 19. Rxc8 Qxc8 20. Qa1 Qa8 21. f3 Rd8 22. Rc1 Ne8 23. Qa2 Rc8 24. Rd1 Nc7 25. Nd7 Bxd4 26. exd4 Nd5 27. Bxd5 Bxd5 28. Qd2 Qb7 29. Nf6+ Kg7 30. Qg5 h6 31. Qe5 Kf8 32. Nxd5 Qxd5 33. Qh8+ Ke7 34. Qxc8 Qb3 35. Qc1 1-0

[Event "Cologne Longerich op 09th"]
[Site "Cologne"]
[Date "2012.08.05"]
[Round "4"]
[White "Aquilino, Pasquale"]
[Black "Klein, Markus"]
[Result "0-1"]
[WhiteElo "1448"]
[BlackElo "1321"]
[PlyCount "62"]
[EventDate "2012.08.03"]
[EventType "tourn"]
[EventRounds "5"]
[EventCountry "GER"]
[SourceTitle "EXT 2017"]
[Source "ChessBase"]
[SourceDate "2016.10.25"]
[SourceVersion "1"]
[SourceVersionDate "2016.10.25"]
[SourceQuality "1"]

1. d4 e6 2. c4 Be7 3. Nf3 Nf6 4. Nc3 d5 5. e3 dxc4 6. Bxc4 Nbd7 7. 0-0 Nb6 8. Bd3 Nfd5 9. a3 Bd7 10. Qc2 g6 11. e4 Nxc3 12. Qxc3 Bc6 13. d5 Bf6 14. Qd2 exd5 15. exd5 Nxd5 16. Re1+ Ne7 17. Qe2 0-0 18. Bc4 Nf5 19. Rd1 Qe8 20. Qxe8 Rfxe8 21. Ng5 Bxg5 22. Bxg5 Kg7 23. Bf4 Re4 24. Bxc7 Rxc4 25. Be5+ f6 26. Bc3 Re8 27. h3 Rce4 28. g4 Nh4 29. g5 Nf3+ 30. Kf1 Nxg5 31. Re1 Bb5+ 0-1

[Event "Eschborn op 09th"]
[Site "Eschborn"]
[Date "2012.06.02"]
[Round "3"]
[White "Klein, Markus"]
[Black "Altenbernd, Dirk"]
[Result "1/2-1/2"]
[WhiteElo "1863"]
[BlackElo "1998"]
[PlyCount "37"]
[EventDate "2012.06.01"]
[EventType "swiss"]
[EventRounds "5"]
[EventCountry "GER"]
[SourceTitle "EXT 2014"]
[Source "ChessBase"]
[SourceDate "2013.11.20"]
[SourceVersion "1"]
[SourceVersionDate "2013.11.20"]
[SourceQuality "1"]

1. d4 g6 2. c4 Bg7 3. Nc3 d6 4. e4 Nc6 5. Be3 e5 6. Nge2 exd4 7. Nxd4 Nge7 8. Be2 0-0 9. 0-0 f5 10. f3 fxe4 11. fxe4 Rxf1+ 12. Kxf1 Nxd4 13. Bxd4 Nc6 14. Bxg7 Kxg7 15. Kg1 Be6 16. Qd2 Qe7 17. Re1 Rf8 18. b3 b6 19. Rf1 1/2-1/2

[Event "Nuremberg Zabo op 13th"]
[Site "Nuremberg"]
[Date "2011.09.17"]
[Round "2"]
[White "Klein, Markus"]
[Black "Nahlik, Bernhard"]
[Result "0-1"]
[WhiteElo "1484"]
[BlackElo "1701"]
[PlyCount "50"]
[EventDate "2011.09.16"]
[EventType "swiss"]
[EventRounds "5"]
[EventCountry "GER"]
[SourceTitle "EXT 2013"]
[Source "ChessBase"]
[SourceDate "2012.11.22"]
[SourceVersion "1"]
[SourceVersionDate "2012.11.22"]
[SourceQuality "1"]

1. d4 d5 2. Nf3 Nf6 3. c4 c6 4. Nc3 e6 5. e3 Bd6 6. Bd3 Nbd7 7. Qc2 0-0 8. 0-0 a6 9. e4 dxe4 10. Nxe4 Nxe4 11. Bxe4 Nf6 12. Bg5 h6 13. Bh4 g5 14. Bg3 Nxe4 15. Bxd6 Nxd6 16. Rad1 Qf6 17. Rfe1 Qf5 18. Qc1 f6 19. b3 b5 20. Qa3 Nf7 21. d5 exd5 22. cxd5 cxd5 23. Qe7 Ne5 24. Nxe5 fxe5 25. Rxe5 Qxf2+ 0-1

[Event "Rhein Main op-A 14th"]
[Site "Bad Homburg"]
[Date "2011.06.24"]
[Round "4"]
[White "Wichmann, Adrian"]
[Black "Klein, Markus"]
[Result "1-0"]
[WhiteElo "1383"]
[BlackElo "1718"]
[PlyCount "83"]
[EventDate "2011.06.22"]
[EventType "swiss"]
[EventRounds "7"]
[EventCountry "GER"]
[SourceTitle "EXT 2012"]
[Source "ChessBase"]
[SourceDate "2011.11.24"]
[SourceVersion "1"]
[SourceVersionDate "2011.11.24"]
[SourceQuality "1"]

1. e4 d5 2. exd5 Qxd5 3. Nc3 Qa5 4. d4 Nf6 5. Nf3 c6 6. Bc4 Bf5 7. Be3 e6 8. 0-0 Nbd7 9. Re1 0-0-0 10. Bd3 Bg4 11. Be2 h6 12. a3 Bd6 13. Qd2 Bb8 14. Bf4 e5 15. dxe5 Nxe5 16. Qe3 Bxf3 17. Bxf3 Rhe8 18. Be4 Nc4 19. Qh3+ Re6 20. Bf5 Nxb2 21. Bxe6+ fxe6 22. Qxe6+ Rd7 23. Bd2 Qh5 24. h3 Nc4 25. Qxc4 Rxd2 26. Qe6+ Rd7 27. Rad1 Kc7 28. Qe5+ Qxe5 29. Rxe5 Rxd1+ 30. Nxd1 Kd6 31. Re3 Bc7 32. Nc3 Kd7 33. Ne4 Nxe4 34. Rxe4 Bd6 35. a4 b5 36. Kf1 a5 37. Ke2 b4 38. Kd3 Kc7 39. Kc4 Kb6 40. Re6 Bf8 41. Rg6 Kb7 42. f4 1-0

[Event "Rhein Main op-A 14th"]
[Site "Bad Homburg"]
[Date "2011.06.23"]
[Round "3"]
[White "Klein, Markus"]
[Black "Langosch, Thomas"]
[Result "1/2-1/2"]
[WhiteElo "1718"]
[BlackElo "1525"]
[PlyCount "82"]
[EventDate "2011.06.22"]
[EventType "swiss"]
[EventRounds "7"]
[EventCountry "GER"]
[SourceTitle "EXT 2012"]
[Source "ChessBase"]
[SourceDate "2011.11.24"]
[SourceVersion "1"]
[SourceVersionDate "2011.11.24"]
[SourceQuality "1"]

1. d4 d5 2. c4 e6 3. Nc3 c6 4. Nf3 Nf6 5. Bg5 Be7 6. e3 Nbd7 7. Bf4 Nh5 8. Bg3 Nxg3 9. hxg3 Qc7 10. Rc1 dxc4 11. Bxc4 h6 12. Bb3 Bb4 13. 0-0 Bxc3 14. Rxc3 Nf6 15. Qd3 Bd7 16. Ne5 Rd8 17. e4 Bc8 18. Qe3 0-0 19. g4 Nd7 20. Nf3 Nf6 21. Ne5 Nd7 22. Nxd7 Qxd7 23. Rd1 Qe7 24. Qg3 Rd7 25. Rcd3 Rfd8 26. a3 b6 27. Qe3 Qf6 28. Ba4 b5 29. Bb3 a6 30. f4 Qh4 31. Qf3 Bb7 32. g3 Qf6 33. Qe3 Bc8 34. R3d2 g5 35. f5 e5 36. d5 cxd5 37. Bxd5 Kg7 38. Kf2 Qd6 39. Ke2 Qc7 40. Qb3 f6 41. Rd3 Bb7 1/2-1/2

[Event "Frankfurt-ch"]
[Site "Frankfurt"]
[Date "2011.05.23"]
[Round "4"]
[White "Klein, Markus"]
[Black "Klyszcz, Michael"]
[Result "0-1"]
[WhiteElo "1718"]
[BlackElo "2064"]
[PlyCount "72"]
[EventDate "2011.05.02"]
[EventType "swiss"]
[EventRounds "7"]
[EventCountry "GER"]
[SourceTitle "EXT 2012"]
[Source "ChessBase"]
[SourceDate "2011.11.24"]
[SourceVersion "1"]
[SourceVersionDate "2011.11.24"]
[SourceQuality "1"]

1. d4 Nf6 2. c4 g6 3. Nc3 d5 4. Bg5 Ne4 5. Bh4 Nxc3 6. bxc3 Bg7 7. Nf3 c5 8. e3 0-0 9. cxd5 cxd4 10. cxd4 Qxd5 11. Bxe7 Re8 12. Bh4 Nc6 13. Be2 Bg4 14. 0-0 Qe4 15. Bg3 Rad8 16. Rb1 Nxd4 17. Nxd4 Bxe2 18. Qxe2 Rxd4 19. Qb5 Rd2 20. a4 b6 21. Rb4 Qe7 22. Rc4 Qd7 23. Qa6 Ra2 24. h3 Bf6 25. Rfc1 Re7 26. Rc6 Qd2 27. Qc4 Kg7 28. Qg4 Rxe3 29. Rf1 Re1 30. Rxe1 Qxe1+ 31. Kh2 Ra1 32. Bh4 Be5+ 33. f4 Qg1+ 34. Kg3 Ra3+ 35. Qf3 Rxf3+ 36. Kxf3 Bd4 0-1